Das Ortelsburger Haus- und Ingrossationsbuch Ostpr. Fol. 268/2 (1799-1818)

Titel: Das Ortelsburger Haus- und Ingrossationsbuch Ostpr. Fol. 268/2 (1799-1818) / von Marc Patrik Plessa
Verfasser:
In: Altpreußische Geschlechterkunde, Band 50 (2020), Seite 145-188
alle Artikel anzeigen
Veröffentlicht: 2020
Format: Aufsatz
Sprache: Deutsch
Schlagworte:
Kein Bild verfügbar
X
alg: 48626121
001A    $03025:12-10-21 
001B    $01999:24-10-25 $t22:16:33.000 
001D    $03025:12-10-21 
001U    $0utf8 
001X    $00 
002@    $0Aou 
002C    $aText $btxt $2rdacontent 
002D    $aohne Hilfsmittel zu benutzen $bn $2rdamedia 
002E    $aBand $bnc $2rdacarrier 
003@    $0486261212 
007A    $0486261212 $aHEB 
010@    $ager 
010E    $erda 
011@    $a2020 
021A    $aDas @Ortelsburger Haus- und Ingrossationsbuch Ostpr. Fol. 268/2 (1799-1818) $hvon Marc Patrik Plessa 
028A    $BVerfasser $#Plessa, Marc $4aut $71379803403 $8Plessa, Marc Patrik$Z1968- [Tp3] $953455587X 
031A    $d50 $g44 $h145-188 $j2020 
039B    $aEnthalten in $8--Abvc--. Altpreußische Geschlechterkunde. - Hamburg : Verein für Familienforschung in Ost- und Westpreussen, 1927-[2021]. - ISSN 0344-5593 $x202000000500000855 $904779495X 
044K    $#Ostpreußen $#Ostpreußen $#Provinz Ostpreußen $74075754-7 $8Ostpreußen [Tg1] $9085214493 
044K    $RWoiwodschaft Ermland-Masuren $ROrtelsburg $#Ortelsburg $74102134-4 $8Szczytno [Tg1] $9085297658 
044K    $RHandschrift $74230267-5 $8Hausbuch [Ts1] $9086201921 
044K    $#Property $#Right of property $#Propriété $#Propiedad $#ownership $#Eigentum $#Eigentum $#Eigentum/Besitz $#Eigentumsrechte $#Eigentumsverhältnisse $#Eigentumsrecht $74013793-4 $8Eigentum [Ts1] $9085030554 
044K    $RZwischenmenschliche Beziehung $RFamilienkonstellation $RFamilienstruktur $#Families $#Famille $#Familie Zwischenmenschliche Beziehung $#Familienangehöriger Zwischenmenschliche Beziehung $74133734-7 $8Familienbeziehung [Ts1] $9085486582 
044K    $RKataster $RAmtsbuch $74022325-5 $8Grundbuch [Ts1] $9085054763 
045F    $a907.20943809033 $eDDC23BSB 
045F/01 $a907.2 
045F/03 $f09033 
045F/03 $g438 
045F/03 $g43832 
045R    $aSozialgeschichte 1799-1818 
045T    $a8,1 $a9,10 

lok: 48626121 78

exp: 48626121 78 1 #EPN
201B/01 $012-10-21 $t12:23:10.000 
201C/01 $012-10-21 
201U/01 $0utf8 
203@/01 $01170573606 
208@/01 $a12-10-21 $be 
209A/01 $a/ $f000 $x00 
209A/01 $ab*p $x01 
220C/01 $akoe 
247C/01 $82080>Marburg/Lahn, Herder-Institut, Forschungsbibliothek, Bibliographieportal $9336309341
LEADER 00000caa a2200000 c 4500
001 486261212
003 DE-603
005 20251024221633.0
007 tu
008 211012s2020 xx |||| | u00||u|ger c
035 |a (DE-599)HEB486261212 
040 |a DE-603  |b ger  |c DE-603  |d DE-603  |e rda 
041 |a ger 
082 0 4 |8 1\u  |a 907.20943809033  |q DE-101  |2 23/BSB 
084 |a 8,1  |a 9,10  |2 ssgn 
085 |8 1\u  |b 907.2 
085 |8 1\u  |z 1  |s 09033 
085 |8 1\u  |z 2  |s 438 
085 |8 1\u  |z 2  |s 43832 
100 1 |a Plessa, Marc Patrik  |d 1968-  |e Verfasser  |4 aut  |0 (DE-603)53455587X  |0 (DE-588)1379803403  |2 gnd 
245 0 0 |a ˜Dasœ Ortelsburger Haus- und Ingrossationsbuch Ostpr. Fol. 268/2 (1799-1818)  |c von Marc Patrik Plessa 
264 0 |c 2020 
336 |a Text  |b txt  |2 rdacontent 
337 |a ohne Hilfsmittel zu benutzen  |b n  |2 rdamedia 
338 |a Band  |b nc  |2 rdacarrier 
648 7 |a Sozialgeschichte 1799-1818  |2 gnd 
650 7 |a Hausbuch  |0 (DE-588)4230267-5  |0 (DE-603)086201921  |2 gnd 
650 7 |a Eigentum  |0 (DE-588)4013793-4  |0 (DE-603)085030554  |2 gnd 
650 7 |a Familienbeziehung  |0 (DE-588)4133734-7  |0 (DE-603)085486582  |2 gnd 
650 7 |a Grundbuch  |0 (DE-588)4022325-5  |0 (DE-603)085054763  |2 gnd 
651 7 |a Ostpreußen  |0 (DE-588)4075754-7  |0 (DE-603)085214493  |2 gnd 
651 7 |a Szczytno  |0 (DE-588)4102134-4  |0 (DE-603)085297658  |2 gnd 
773 0 8 |i Enthalten in  |t Altpreußische Geschlechterkunde  |d Hamburg : Verein für Familienforschung in Ost- und Westpreussen, 1927-[2021]  |x 0344-5593  |g Band 50 (2020), Seite 145-188  |w (DE-603)04779495X  |w (DE-600)532741-6 
924 0 |9 2080  |a (DE-603)1170573606  |b DE-2080  |c HES  |d d  |g /